Information Technology (Record no. 2795)

MARC details
005 - DATE AND TIME OF LATEST TRANSACTION
control field 20250602072434.0
020 ## - INTERNATIONAL STANDARD BOOK NUMBER
International Standard Book Number 9789987694280
100 ## - MAIN ENTRY--PERSONAL NAME
Author name MBAMBA, U.O
245 ## - TITLE STATEMENT
Title Information Technology
250 ## - EDITION STATEMENT
Edition statement 2nd Ed.
260 ## - PUBLICATION, DISTRIBUTION, ETC.
Place of publication, distribution, etc. Dar es Salaam
Name of publisher, distributor, etc. The Tanzania Institute of Bankers
Date of publication, distribution, etc. 2013
300 ## - PHYSICAL DESCRIPTION
Extent xiii, 166p.: ill; tables,
Dimensions 24.5 cm
942 ## - ADDED ENTRY ELEMENTS (KOHA)
Source of classification or shelving scheme Dewey Decimal Classification
Koha item type Books
Holdings
Date last seen Total checkouts Full call number Barcode Cost, replacement price Price effective from Koha item type Lost status Source of classification or shelving scheme Damaged status Not for loan Withdrawn status Home library Current library Shelving location Date acquired Cost, normal purchase price Source of acquisition
05/28/2025   001.6 MBA MBY00063 90000.00 05/28/2025 Books   Dewey Decimal Classification       CBE MBEYA CBE MBEYA Special Reserve Collection 05/28/2025 30000.00  
05/28/2025   0001.6 MBA MBY00062 90000.00 05/28/2025 Books   Dewey Decimal Classification       CBE MBEYA CBE MBEYA General Collection 05/28/2025 30000.00  
06/28/2025   001.6 MBA MBY000775 90000.00 06/28/2025 Books   Dewey Decimal Classification       CBE MBEYA CBE MBEYA General Collection 07/01/2022 30000.00 PURCHASE